000 00409nam a2200145 i 4500
001 bg
245 0 _aAnaliza ekonomiczna przedsiębiorstwa przemysłowego :
_bpraca zbiorowa /
_cpod red. Wiesława Janika.
260 _aKielce,
_c1978.
700 1 _aJanik, Wiesław.
_eRed.
040 _cBPK
041 _apol
080 _a658.1/.5::66/69:338.512
942 _cKS
008 s pl f |000 0 pol
999 _c21481
_d21481
856 _uhttp://koha.tu.koszalin.pl/cgi-bin/koha/opac-detail.pl?biblionumber=21481
_yKatalog online BPK